| 000 | 01077nam a2200229 a 4500 | ||
|---|---|---|---|
| 005 | 20260415064213.0 | ||
| 008 | 041203s2004 mx r 000 0 spa d | ||
| 035 | _aUPN01000136912 | ||
| 049 | _aSEP | ||
| 050 | 4 |
_aLB2000.29 A1 _bJ3.7 |
|
| 100 | 1 |
_aJarillo González, Remigio _928778 |
|
| 245 | 1 | 0 |
_aFortalecimiento de la educación inicial y preescolar en Iztapalapa : _bfase III : la mejora sostenida del aprendizaje, la enseñanza y la gestión escolar : taller general de actualización educación preescolar : 2004-2005 / _cRemigio Jarillo González, Laura Montalvo Díaz, Edgar Monsalvo Gutiérrez. |
| 260 |
_aMéxico : _bSEP, Subsecretaría de Servicios Educativos para el Distrito Federal, Dirección General de Servicios Educativos Iztapalapa, _c2004. |
||
| 300 |
_a34 p. : _bil., tablas |
||
| 650 | 4 |
_aEvaluación educativa _94298 |
|
| 650 | 4 |
_aEducación _xFines y objetivos _94837 |
|
| 650 | 4 |
_aEducación preescolar _91517 |
|
| 700 | 1 |
_aMontalvo Díaz, Laura. _ecoaut. |
|
| 700 | 1 |
_aMonsalvo Gutiérrez, Edgar, _ecoaut. |
|
| 905 | _aLibro | ||
| 999 |
_c109063 _d109063 |
||